000 00691nam a2200289Ia 4500
005 20260324111934.0
008 008 260324s9999 xx 000 0 eng d
020 _a9781003398936
037 _aEBOOK
040 _aCRL
040 _beng
040 _cCRL
041 _2eng
041 _aeng
084 _qCRL
100 _aMargarita Hidalgo
_91140632
245 0 _aMexican Spanish in the Twentieth Century
245 0 _bStratification and Variation
260 _bTaylor and Francis
260 _c2025
365 _a
365 _b230
856 _uhttp://www.taylorfrancis.com/books/9781003398936
942 _cEBOOK
999 _c1729631
_d1729631